[Event "Chigorin Memorial"]
[Site "St Petersburg RUS"]
[Date "2012.11.01"]
[Round "6.110"]
[White "Turikov, Viktor"]
[Black "Bajaramov, Elvin"]
[Result "1-0"]
[WhiteTitle "FM"]
[WhiteElo "2270"]
[BlackElo "2025"]
[WhiteFideId "4107810"]
[BlackFideId "24142514"]
[EventDate "2012.10.27"]

1. d4 d5 2. Nc3 Bf5 3. Bf4 e6 4. e3 Nf6 5. Bd3 Bd6 6. Bxf5 exf5 7. Nge2 O-O 8.
Qd3 g6 9. Bg5 c6 10. h4 Nbd7 11. h5 b5 12. hxg6 fxg6 13. Nf4 Qa5 14. Kf1 Ne4 15.
Nxe4 fxe4 16. Qe2 Rf5 17. Bh6 Re8 18. c3 Qd8 19. Kg1 Bf8 20. Bxf8 Nxf8 21. a4
bxa4 22. Rxa4 Qd7 23. Qa6 Re7 24. Rb4 Qc7 25. Rh3 Ref7 26. Qe2 g5 27. Qg4 Kh8
28. Rh5 Qd8 29. Nh3 Ne6 30. Rh6 Qe7 31. Rxe6 Qxe6 32. Nxg5 Qg6 33. Nxf7+ Rxf7
34. Qxg6 hxg6 35. Rb8+ Kg7 36. Rc8 Rf6 37. Rc7+ Kh6 38. Rxa7 Kg5 39. b4 Kf5 40.
Re7 Rd6 41. Kh2 Kg4 42. Rf7 Re6 43. Rf4+ Kg5 44. Kg3 Re7 45. Rf8 Re6 46. Rf7 Re8
47. Rd7 Kf5 48. Rd6 Rc8 49. b5 cxb5 50. Rxd5+ Kf6 51. Rxb5 Rxc3 52. Re5 1-0

[Event "Chigorin Memorial"]
[Site "St Petersburg RUS"]
[Date "2012.11.01"]
[Round "6.111"]
[White "Baglaev, Evgeniy"]
[Black "Fomichenko, Svetlana"]
[Result "0-1"]
[BlackTitle "WGM"]
[WhiteElo "2099"]
[BlackElo "2256"]
[WhiteFideId "4195612"]
[BlackFideId "14101807"]
[EventDate "2012.10.27"]

1. Nf3 f5 2. d3 Nf6 3. e4 d6 4. exf5 Bxf5 5. d4 Nc6 6. Bd3 Bg4 7. c3 e5 8. h3
Bh5 9. g4 Bf7 10. g5 Nd7 11. d5 Bxd5 12. Bxh7 Bf7 13. Be4 Nc5 14. Bd5 Bg6 15.
Be3 Qd7 16. Bxc5 dxc5 17. Bxc6 Qxc6 18. Nbd2 O-O-O 19. Qe2 Bd6 20. O-O-O Qa4 21.
Nb1 Qxa2 22. Nfd2 Rh4 23. f3 e4 24. fxe4 Bf4 25. Rhf1 Bxg5 26. Qg2 Rxd2 27. Nxd2
Qa1+ 28. Kc2 Rxe4 29. Rxa1 Re2+ 30. Kb3 Rxg2 31. Nf3 Bf6 32. Rae1 Bf7+ 33. Ka3
b5 34. Ne5 Bd5 35. Rd1 c6 36. Nd3 Bc4 37. Rfe1 b4+ 38. cxb4 Rg3 39. bxc5 Bxd3
40. Rd2 Rxh3 41. Re8+ Kc7 42. Kb4 Rh4+ 43. Ka3 Bc4 44. Ra8 Kb7 45. Re8 Rh3+ 46.
Ka4 Bb3+ 47. Ka5 Bd5 48. Ka4 Rh1 49. Kb4 Ra1 50. Rxd5 cxd5 51. b3 Rc1 52. Rf8
Bc3+ 53. Kb5 a6+ 0-1

[Event "Chigorin Memorial"]
[Site "St Petersburg RUS"]
[Date "2012.11.01"]
[Round "6.112"]
[White "Gogolev, Artem"]
[Black "Vorobjev, Dmitry"]
[Result "1-0"]
[WhiteElo "2090"]
[BlackElo "2256"]
[WhiteFideId "4116615"]
[BlackFideId "24112178"]
[EventDate "2012.10.27"]

1. d4 Nf6 2. Nf3 g6 3. c4 Bg7 4. g3 O-O 5. Bg2 d6 6. O-O Nc6 7. Nc3 a6 8. h3 Nd7
9. Be3 e5 10. Qd2 exd4 11. Nxd4 Nde5 12. b3 Rb8 13. Rac1 Nxd4 14. Bxd4 Bd7 15.
Rfd1 Bc6 16. Nd5 Re8 17. Qc3 f6 18. b4 Ba4 19. Rd2 Nd7 20. Qa3 c5 21. Qxa4 cxd4
22. Rxd4 f5 23. Rd2 Ne5 24. c5 dxc5 25. bxc5 Kh8 26. Rdd1 Qc8 27. Nf4 Re7 28.
Rd6 Qg8 29. Rcd1 Qe8 30. Qc2 Qb5 31. Rd8+ Re8 32. a4 Qb4 33. Rxb8 Rxb8 34. Rb1
Qa5 35. c6 Nxc6 36. Bxc6 Rc8 37. Rxb7 Qe1+ 38. Kg2 Bd4 39. e3 1-0

[Event "Chigorin Memorial"]
[Site "St Petersburg RUS"]
[Date "2012.11.01"]
[Round "6.114"]
[White "Azimova, Karina"]
[Black "Matveeva, Olga"]
[Result "0-1"]
[BlackTitle "WFM"]
[WhiteElo "2044"]
[BlackElo "2219"]
[WhiteFideId "4108310"]
[BlackFideId "24107018"]
[EventDate "2012.10.27"]

1. e4 c5 2. Nf3 Nc6 3. d4 cxd4 4. Nxd4 g6 5. c4 Bg7 6. Be3 Nf6 7. Nc3 Ng4 8.
Qxg4 Nxd4 9. Qd1 Ne6 10. Bd3 Bxc3+ 11. bxc3 Qa5 12. Qd2 d6 13. O-O Bd7 14. Rab1
Bc6 15. f3 Rc8 16. f4 f6 17. Qe2 Nc5 18. Bd4 O-O 19. Rbd1 e5 20. fxe5 dxe5 21.
Bf2 b6 22. Bh4 Kg7 23. Bb1 Ne6 24. Kh1 Qc5 25. Bf2 Qe7 26. Be3 Rfd8 27. Rd5 Bxd5
28. exd5 Nc5 29. Qd2 Rd6 30. Rf3 e4 31. Rf4 Nd3 32. Bxd3 exd3 33. Qxd3 Re8 34.
Bd4 Qe1+ 35. Rf1 Qe2 36. Qxe2 Rxe2 37. h3 Rxa2 38. Re1 Kf7 39. c5 Rxd5 40. cxb6
axb6 41. Rf1 f5 42. Rf2 Rxf2 43. Bxf2 b5 0-1

[Event "Chigorin Memorial"]
[Site "St Petersburg RUS"]
[Date "2012.11.01"]
[Round "6.115"]
[White "Dushin, Nikolay"]
[Black "Klyuev, Alexander S."]
[Result "1/2-1/2"]
[WhiteElo "2018"]
[BlackElo "2218"]
[WhiteFideId "4114612"]
[BlackFideId "4194250"]
[EventDate "2012.10.27"]

1. d4 d5 2. c4 c6 3. Nc3 Nf6 4. Bg5 e6 5. cxd5 exd5 6. Qc2 Be7 7. e3 O-O 8. Bd3
Nbd7 9. Nge2 Re8 10. h3 Nf8 11. Bxf6 Bxf6 12. b4 g6 13. O-O Ne6 14. Rab1 Ng5 15.
Nf4 Qd6 16. Nce2 a6 17. Rfc1 Ne4 18. a4 Bh4 19. Bxe4 Rxe4 20. b5 axb5 21. axb5
Bd7 22. bxc6 bxc6 23. Nd3 Re6 24. g3 Bg5 25. Qc5 Qc7 26. Nef4 Qd6 27. Rb7 Rf6
28. h4 Bxf4 29. Nxf4 Bf5 30. Qxd6 Rxd6 31. Rb6 Be4 32. g4 Rc8 33. g5 Kg7 34. Kh2
h6 35. Kg3 Rc7 36. Rc5 hxg5 37. hxg5 Bf5 38. f3 Kf8 39. Ne2 Re7 40. Rc3 Bd7 41.
Ra3 f6 42. Rb8+ Kf7 43. f4 Bf5 44. Kf2 Rde6 45. gxf6 Kxf6 46. Ng1 Bg4 47. Nf3
Bxf3 48. Kxf3 g5 49. fxg5+ Kxg5 50. Rg8+ Kf6 51. Rg4 Rb7 52. Rc3 Rh7 53. Rf4+
Ke7 54. Ra3 Kd6 55. Ke2 1/2-1/2

[Event "Chigorin Memorial"]
[Site "St Petersburg RUS"]
[Date "2012.11.01"]
[Round "6.116"]
[White "Opanasenko, Mikhail"]
[Black "Denishev, Marat"]
[Result "0-1"]
[WhiteElo "2011"]
[BlackElo "2198"]
[WhiteFideId "24176834"]
[BlackFideId "24131563"]
[EventDate "2012.10.27"]

1. e4 c6 2. d4 d5 3. Nc3 dxe4 4. Nxe4 Nf6 5. Nxf6+ exf6 6. Nf3 Bd6 7. Be2 O-O 8.
O-O Bg4 9. Be3 Qc7 10. h3 Bh5 11. Qd2 Nd7 12. c3 Rfe8 13. Rfe1 Rad8 14. Rad1 Nb6
15. Nh4 Bxe2 16. Qxe2 Nd5 17. Qf3 Qa5 18. Nf5 Nxe3 19. Nxd6 Rxd6 20. Rxe3 Rde6
21. Rxe6 fxe6 22. a3 Qb5 23. Rd2 Qd5 24. Qxd5 cxd5 25. Kf1 Kf7 26. Ke2 Ke7 27.
Kd3 Kd6 28. f4 b5 29. Rf2 g6 30. Rf1 a5 31. b3 Rc8 32. Ra1 h6 33. b4 g5 34. fxg5
hxg5 35. Rf1 Ke7 36. bxa5 Ra8 37. Rb1 Rxa5 38. Rb3 e5 39. dxe5 fxe5 40. g3 Kd6
41. h4 gxh4 42. gxh4 Kc5 43. h5 Ra4 44. Rb4 e4+ 45. Kd2 Rxa3 46. Rb2 Ra6 47. Ke3
Kc4 48. Rb4+ Kxc3 49. Rxb5 Kc4 50. Rb1 Ra3+ 51. Kf4 Rh3 52. Kg4 Rh2 53. Rb8 e3
54. Re8 d4 55. Re5 Kd3 56. Kg3 Rh1 57. Kg2 Ra1 58. h6 Ra6 59. h7 Rh6 60. Re7 Kd2
61. Kf3 Rf6+ 62. Kg2 Rf8 63. Rf7 Rh8 0-1

[Event "Chigorin Memorial"]
[Site "St Petersburg RUS"]
[Date "2012.11.01"]
[Round "6.118"]
[White "Westerberg, Claes-Goran"]
[Black "Golubov, Saveliy"]
[Result "0-1"]
[WhiteElo "2007"]
[BlackElo "2189"]
[WhiteFideId "1712691"]
[BlackFideId "24176729"]
[EventDate "2012.10.27"]

1. e4 e6 2. d4 d5 3. e5 c5 4. c3 Nc6 5. Nf3 Qb6 6. a3 Nh6 7. b4 cxd4 8. cxd4 Nf5
9. Bb2 Bd7 10. g4 Nh6 11. g5 Nf5 12. Be2 Be7 13. Rg1 Rc8 14. Kf1 f6 15. gxf6
gxf6 16. b5 Na5 17. a4 Rf8 18. Ba3 fxe5 19. Bxe7 Kxe7 20. dxe5 Nc4 21. Bxc4 Rxc4
22. Nbd2 Rxa4 23. Rxa4 Qxb5+ 24. Rc4 dxc4 25. Ne4 c3+ 26. Kg2 Bc6 27. Re1 Bxe4
28. Rxe4 Rg8+ 29. Kh3 c2 30. Qc1 Qd3 31. Rf4 Ke8 32. Qa1 b5 0-1

[Event "Chigorin Memorial"]
[Site "St Petersburg RUS"]
[Date "2012.11.01"]
[Round "6.119"]
[White "Hairapetian, Anna"]
[Black "Voronenkov, Sergey"]
[Result "0-1"]
[WhiteTitle "WIM"]
[WhiteElo "2185"]
[BlackElo "2020"]
[WhiteFideId "13303554"]
[BlackFideId "24129674"]
[EventDate "2012.10.27"]

1. e4 c5 2. Nf3 d6 3. d4 cxd4 4. Nxd4 Nf6 5. Nc3 a6 6. Be2 e5 7. Nb3 Be6 8. O-O
Be7 9. Re1 O-O 10. Bf3 Nc6 11. Nd5 Bxd5 12. exd5 Na5 13. Nd2 Qc7 14. Nf1 Nd7 15.
g4 Rac8 16. Be4 g6 17. Bh6 Rfe8 18. Bd3 Nc4 19. Bc1 Bh4 20. b3 Qc5 21. Ng3 Qd4
22. Rb1 Ncb6 23. c4 e4 24. Be2 Qxd1 25. Bxd1 Nc5 26. Bc2 Bxg3 27. hxg3 Nbd7 28.
Bf4 Ne5 29. Re2 g5 30. Be3 Ncd3 31. Kg2 h6 32. Bb6 Nxg4 33. Rxe4 Rxe4 34. Bxd3
Re5 35. Bd4 Rce8 36. Bxe5 Rxe5 37. b4 Nf6 38. b5 a5 39. b6 Nd7 40. a4 Nc5 41.
Bf1 Re4 42. Rb5 Nxa4 43. Rxa5 Nxb6 44. Rb5 Nxc4 45. Rxb7 Nd2 46. Ba6 Rd4 47. Rb5
Ne4 48. Bb7 Rd2 49. Kf3 f5 50. Bc8 Rxf2+ 51. Ke3 Rf1 52. g4 Re1+ 53. Kf3 f4 54.
Be6+ Kg7 55. Rb7+ Kf6 56. Rh7 Re3+ 57. Kg2 f3+ 58. Kf1 Ke5 59. Rf7 Ra3 60. Kg1
Ra1+ 61. Kh2 f2 0-1

[Event "Chigorin Memorial"]
[Site "St Petersburg RUS"]
[Date "2012.11.01"]
[Round "6.120"]
[White "Kondratiev, Denis"]
[Black "Petrova, Irina"]
[Result "0-1"]
[BlackTitle "WFM"]
[WhiteElo "1972"]
[BlackElo "2167"]
[WhiteFideId "4181220"]
[BlackFideId "14124122"]
[EventDate "2012.10.27"]

1. e4 c5 2. Nf3 d6 3. d4 cxd4 4. Nxd4 Nf6 5. Nc3 g6 6. Be3 Bg7 7. f3 Nc6 8. Bc4
O-O 9. Qd2 Bd7 10. O-O-O Rc8 11. Bb3 Ne5 12. Bh6 Bxh6 13. Qxh6 Rxc3 14. bxc3 a5
15. a4 b5 16. axb5 a4 17. Bxa4 Qa5 18. Bb3 Qxc3 19. Ne2 Qa5 20. Qe3 Rc8 21. b6
Qa3+ 22. Kd2 Qb4+ 23. Nc3 Neg4 24. fxg4 Rxc3 25. Bxf7+ Kxf7 26. Rb1 Nxe4+ 27.
Qxe4 Qxe4 28. Kxc3 Qe3+ 29. Kc4 Bc6 30. b7 Bxb7 31. Rhf1+ Kg7 32. Rfe1 Ba6+ 33.
Kd5 Qc5+ 34. Ke4 Qxc2+ 35. Kf3 Bb7+ 36. Kf4 e5+ 37. Kg5 h6+ 38. Kh4 Qf2+ 0-1

[Event "Chigorin Memorial"]
[Site "St Petersburg RUS"]
[Date "2012.11.01"]
[Round "6.121"]
[White "Shaydullina, Sandugach"]
[Black "Atabayeva, Ogulgerek"]
[Result "1-0"]
[WhiteTitle "WGM"]
[WhiteElo "2162"]
[BlackElo "1990"]
[WhiteFideId "4140389"]
[BlackFideId "14001810"]
[EventDate "2012.10.27"]

1. d4 c5 2. d5 e5 3. c4 d6 4. e4 Nf6 5. Nc3 Be7 6. Bd3 O-O 7. Nge2 Ne8 8. b3 g6
9. O-O Ng7 10. Ng3 Bg5 11. Bxg5 Qxg5 12. Nb5 Qd8 13. Qc2 a6 14. Nc3 Nd7 15. a3
Qg5 16. Nce2 f5 17. f4 exf4 18. Nxf4 Ne5 19. Rae1 Bd7 20. exf5 Nxd3 21. Qxd3
Nxf5 22. Ne4 Qh6 23. Ne6 Bxe6 24. dxe6 Qg7 25. Nxd6 Rfd8 26. Rxf5 gxf5 27. e7
Re8 28. Qd5+ Kh8 29. Nf7+ Kg8 30. Nh6+ Kh8 31. Nxf5 Qc3 32. Re3 Qc1+ 33. Kf2
Qb2+ 34. Re2 Qf6 35. Qe5 Qxe5 36. Rxe5 b6 37. Nd6 Kg7 38. Nxe8+ Rxe8 39. Re6 Kf7
40. Rxb6 Rxe7 41. g4 a5 42. a4 Re4 43. Rb5 Rxg4 44. Rxc5 Rh4 45. Kg2 Rd4 46.
Rxa5 Rd2+ 47. Kg1 Rd1+ 48. Kf2 Rd2+ 49. Ke1 Rxh2 50. Rb5 Ke6 51. a5 Kd6 52. b4
Rc2 53. c5+ Kd5 54. a6 Ra2 55. Ra5 Rxa5 56. bxa5 Kc6 57. Kf2 1-0

[Event "Chigorin Memorial"]
[Site "St Petersburg RUS"]
[Date "2012.11.01"]
[Round "6.122"]
[White "Bondarenko, Dmitry"]
[Black "Kalinin, Nikita"]
[Result "0-1"]
[WhiteElo "1971"]
[BlackElo "2153"]
[WhiteFideId "34105708"]
[BlackFideId "24155390"]
[EventDate "2012.10.27"]

1. d4 Nf6 2. Nf3 e6 3. Bg5 Be7 4. Nc3 d5 5. e3 O-O 6. Bd3 Nbd7 7. Ne2 Ne8 8. h4
f6 9. Bf4 Bd6 10. h5 e5 11. dxe5 fxe5 12. Bg5 Be7 13. Bxe7 Qxe7 14. e4 Ndf6 15.
Nd2 Nd6 16. Ng3 dxe4 17. Be2 Be6 18. c3 e3 19. fxe3 Nd5 20. Ndf1 Qf6 21. Qd2
Qf2+ 22. Kd1 Rad8 23. Kc2 Nc4 24. Qc1 Ndxe3+ 25. Kb3 Nd2+ 26. Ka3 Nec4+ 27. Bxc4
Nxc4+ 28. Kb3 Rd1 29. Qxd1 Qxb2+ 0-1

[Event "Chigorin Memorial"]
[Site "St Petersburg RUS"]
[Date "2012.11.01"]
[Round "6.124"]
[White "Pen, Pyotr"]
[Black "Velieva, Hurma"]
[Result "1/2-1/2"]
[WhiteElo "2150"]
[BlackElo "1966"]
[WhiteFideId "24129950"]
[BlackFideId "14002272"]
[EventDate "2012.10.27"]

1. e4 c5 2. Nf3 d6 3. d4 cxd4 4. Nxd4 Nf6 5. Nc3 a6 6. Be2 e6 7. Be3 Be7 8. O-O
Qc7 9. Qe1 b5 10. a3 Bb7 11. f3 O-O 12. Qf2 Nbd7 13. Nb3 d5 14. exd5 Nxd5 15.
Nxd5 Bxd5 16. Nd4 Rac8 17. a4 bxa4 18. Bxa6 Rb8 19. c4 Ba8 20. Bb5 Nc5 21. Bxa4
Bd6 22. g3 Nd3 23. Qe2 Rxb2 24. Qxd3 Bxg3 25. Bc2 Bxh2+ 26. Kh1 g6 27. Qc3 Rbb8
28. Bh6 Be5 29. Bxf8 Qd8 30. Qe1 Qxd4 31. Ra5 Bc7 32. Rc5 Bb6 33. Rh5 Rxf8 34.
Rh4 Qf6 35. Be4 Bxe4 36. Qxe4 Rd8 37. Rh2 Rd4 38. Qb7 e5 39. Rc1 Rh4 40. Rc2
Rxh2+ 41. Rxh2 Kg7 42. Qd5 Qg5 43. Qd1 Qe3 44. Rh4 Qf2 45. Rh2 Qg3 46. Qf1 Qf4
47. Rc2 Bc5 48. Qe2 Qh4+ 49. Kg2 Qg5+ 50. Kh2 Qg1+ 51. Kh3 Qh1+ 52. Kg3 Qh5 53.
Qe4 Qg5+ 54. Qg4 Qe3 55. Qe4 Qg1+ 56. Rg2 Bf2+ 57. Kh3 Qh1+ 58. Rh2 Qf1+ 59. Rg2
f6 60. Qb7+ Kh6 61. Qd5 Kg7 62. Kh2 Be3 63. Qd7+ Kf8 64. Qd8+ Kf7 65. Qd5+ Kf8
66. Qd6+ Kf7 67. Qd5+ Kf8 1/2-1/2

[Event "Chigorin Memorial"]
[Site "St Petersburg RUS"]
[Date "2012.11.01"]
[Round "6.125"]
[White "Puzko, Danila"]
[Black "Pischikov, Vadim"]
[Result "1-0"]
[WhiteElo "1957"]
[BlackElo "2143"]
[WhiteFideId "24153745"]
[BlackFideId "4100280"]
[EventDate "2012.10.27"]

1. e4 e5 2. Nf3 Nc6 3. Bb5 Nf6 4. O-O Nxe4 5. d4 Nd6 6. Bxc6 dxc6 7. dxe5 Nf5 8.
Qxd8+ Kxd8 9. b3 h6 10. Bb2 Be6 11. Nc3 Be7 12. Rad1+ Kc8 13. Ne2 Re8 14. Nfd4
Nxd4 15. Nxd4 Bd7 16. h3 c5 17. Ne2 g6 18. Rfe1 a5 19. Nf4 Ra6 20. Nd5 Bd8 21.
c4 g5 22. Re2 Rg6 23. Red2 Be6 24. Ne3 h5 25. g4 hxg4 26. hxg4 f6 27. Nf5 Bxf5
28. gxf5 Rh6 29. e6 g4 30. Kg2 Rh5 31. Rxd8+ Rxd8 32. e7 Rdh8 33. Bxf6 Rh2+ 34.
Kg3 1-0

[Event "Chigorin Memorial"]
[Site "St Petersburg RUS"]
[Date "2012.11.01"]
[Round "6.126"]
[White "Naslund, Mikael"]
[Black "Maltsev, Leonid"]
[Result "1/2-1/2"]
[WhiteTitle "FM"]
[BlackTitle "CM"]
[WhiteElo "2142"]
[BlackElo "1947"]
[WhiteFideId "1708260"]
[BlackFideId "14116413"]
[EventDate "2012.10.27"]

1. d4 f5 2. g3 Nf6 3. Bg2 g6 4. Nf3 Bg7 5. O-O O-O 6. Bf4 d6 7. Nc3 Nh5 8. Bg5
h6 9. Bc1 e5 10. dxe5 dxe5 11. Be3 Be6 12. Bc5 Re8 13. e4 Nd7 14. Ba3 Nb6 15.
Nh4 Qf6 16. exf5 Rad8 17. Qf3 Bxf5 18. Nxf5 Qxf5 19. Qe2 Qc8 20. Be4 Qe6 21.
Rad1 c6 22. Bc5 Nc8 23. Rxd8 Rxd8 24. Rd1 Re8 25. Qd3 Kh7 26. Be3 b6 27. a3 Re7
28. Qe2 Nf6 29. Bd3 Nd6 30. Re1 Nd5 31. Bd2 Nf5 32. Be4 Nd4 33. Qd3 Nxc3 34.
Bxc3 c5 35. h4 c4 36. Bxg6+ Qxg6 37. Qxg6+ Kxg6 38. Bxd4 Bf6 39. Bc3 Kf5 40. Kf1
b5 41. Rd1 Ke6 42. Ke2 h5 43. Rd8 Rb7 44. Rc8 Kf5 45. Rc5 a6 46. Ke3 Rb6 47. Ba5
Rd6 48. a4 Be7 49. Ke2 Rd2+ 50. Bxd2 Bxc5 51. axb5 axb5 52. Be3 Bb4 53. Bd2 Bc5
54. Be3 Bb4 55. Bb6 Bf8 56. Kd2 Bb4+ 57. Ke3 Bf8 58. b3 Bh6+ 59. Ke2 Ke4 60. Ba5
Bc1 61. f3+ Kf5 62. Bd2 Bb2 63. Kf2 Bd4+ 64. Be3 Bc3 65. Kg2 e4 66. Kf2 exf3 67.
Kxf3 Be5 68. Bf4 Bd4 69. Bc7 Bc5 70. Ke2 Ke4 71. Bb8 Bb6 72. Bd6 Kd5 73. Bf4 Ke4
74. Bb8 Bc5 75. bxc4 bxc4 76. Bc7 Bb4 77. Bf4 Ba5 78. Bd6 Bc3 79. Kf2 Bf6 80.
Bc7 Bg7 81. Ke2 Bc3 82. Bf4 Bb4 83. Bb8 Bc3 84. Kf2 Bf6 85. Ke2 Bc3 86. Bc7 Bb4
87. Bf4 Bc3 88. Bc7 Bb4 89. Bf4 1/2-1/2

[Event "Chigorin Memorial"]
[Site "St Petersburg RUS"]
[Date "2012.11.01"]
[Round "6.127"]
[White "Aleksanyan, Gor"]
[Black "Kuzmin, Egor"]
[Result "1/2-1/2"]
[WhiteElo "1948"]
[BlackElo "2140"]
[WhiteFideId "13306626"]
[BlackFideId "24101737"]
[EventDate "2012.10.27"]

1. d4 Nf6 2. Nf3 e6 3. c4 c5 4. d5 b5 5. Bf4 bxc4 6. Nc3 Qb6 7. Qd2 exd5 8. Nxd5
Nxd5 9. Qxd5 Bb7 10. Qe5+ Be7 11. Nd2 d5 12. e4 Nd7 13. Qh5 Nf6 14. Qe5 Nxe4 15.
Nxe4 dxe4 16. Rd1 Rd8 17. Rxd8+ Qxd8 18. Qxg7 Bf6 19. Qg3 Bd5 20. Be5 Kd7 21.
Be2 Kc6 22. O-O Bxe5 23. Qxe5 Re8 24. Qc3 Be6 25. Bd1 Kb7 26. Ba4 Rg8 27. Rd1
Qg5 28. g3 Rd8 29. Rxd8 Qxd8 30. Qe5 Qd4 31. Qg5 Kb6 32. Qf4 Kb7 33. Qg5 Qxb2
34. Qe7+ Ka6 35. Qxc5 Qb6 36. Qa3 Kb7 37. Qe7+ Qc7 38. Qb4+ Ka8 39. Qf8+ Kb7 40.
Qb4+ Ka8 41. Qf8+ Bc8 42. Bc2 f5 43. g4 Kb8 44. gxf5 Qe5 45. Qb4+ Ka8 46. Qf8
Kb8 47. f6 e3 48. Qb4+ Ka8 49. Qf8 Kb8 50. Qb4+ Ka8 51. Qf8 exf2+ 52. Kxf2 Qxh2+
53. Ke1 Qe5+ 54. Kd1 Qd4+ 55. Kc1 Qa1+ 56. Kd2 Qd4+ 57. Kc1 1/2-1/2

[Event "Chigorin Memorial"]
[Site "St Petersburg RUS"]
[Date "2012.11.01"]
[Round "6.128"]
[White "Hallaeva, Bahar"]
[Black "Mitiushkin, Marat"]
[Result "1-0"]
[WhiteTitle "WFM"]
[WhiteElo "2139"]
[BlackElo "1953"]
[WhiteFideId "14000679"]
[BlackFideId "4141849"]
[EventDate "2012.10.27"]

1. e4 e6 2. d4 d5 3. exd5 exd5 4. Bd3 Nf6 5. Bg5 Be6 6. Ne2 c6 7. Nd2 Be7 8. Nf4
Bg4 9. f3 Bd7 10. O-O O-O 11. c3 h6 12. Bxf6 Bxf6 13. Nh5 g6 14. Nxf6+ Qxf6 15.
Qc2 Bf5 16. Bxf5 gxf5 17. f4 Nd7 18. Rae1 c5 19. Nf3 cxd4 20. Nxd4 Rfe8 21. Qxf5
Qd6 22. Qh3 Kh7 23. Qd3+ Kh8 24. Nf5 Qf6 25. Qxd5 Nb6 26. Qb5 Rxe1 27. Rxe1 Rd8
28. Qe5 Qxe5 29. fxe5 Rd2 30. Nxh6 Kg7 31. Nf5+ Kg6 32. Nd6 Nd5 33. Rf1 Ne3 34.
Rf6+ Kh5 35. Rxf7 Rxg2+ 36. Kh1 Rxb2 37. Rg7 Kh4 38. e6 Ng4 39. e7 Rb1+ 40. Kg2
Rb2+ 41. Kf1 Nf6 42. Rf7 Rb1+ 43. Ke2 Rb2+ 44. Kd3 Rf2 45. Ne4 Rf3+ 46. Ke2 Rh3
47. Rxf6 Rxh2+ 48. Rf2 Rxf2+ 49. Kxf2 b5 50. e8=Q a5 51. Qg6 b4 52. Qg5+ Kh3 53.
Qg3# 1-0

[Event "Chigorin Memorial"]
[Site "St Petersburg RUS"]
[Date "2012.11.01"]
[Round "6.130"]
[White "Gorjunov, Sergey2"]
[Black "Chuprova, Irina"]
[Result "1-0"]
[WhiteElo "2134"]
[BlackElo "1945"]
[WhiteFideId "4166590"]
[BlackFideId "24138584"]
[EventDate "2012.10.27"]

1. c4 Nf6 2. Nc3 g6 3. g3 Bg7 4. Bg2 O-O 5. e3 e6 6. Nge2 d5 7. b3 Ne4 8. Ba3
Re8 9. Nxe4 Bxa1 10. Qxa1 dxe4 11. Bxe4 e5 12. h4 c6 13. h5 Bf5 14. Bxf5 gxf5
15. h6 Qf6 16. f4 Nd7 17. Rh5 c5 18. Bb2 Re6 19. Qb1 Rd8 20. Nc3 Kf8 21. Nd5 Qg6
22. Rg5 Qxh6 23. Qxf5 Nf6 24. Bxe5 Qh1+ 25. Ke2 Qg2+ 26. Kd1 Ne4 27. Bg7+ Ke8
28. Bc3 Nxg5 29. Qxg5 Qh1+ 30. Kc2 Rg6 1-0

[Event "Chigorin Memorial"]
[Site "St Petersburg RUS"]
[Date "2012.11.01"]
[Round "6.131"]
[White "Andreeva, Yulia"]
[Black "Tkachev, Ivan"]
[Result "1-0"]
[WhiteElo "1944"]
[BlackElo "2128"]
[WhiteFideId "4108302"]
[BlackFideId "4186885"]
[EventDate "2012.10.27"]

1. d4 d5 2. Nf3 e6 3. c4 Nf6 4. Nc3 c6 5. Bg5 Nbd7 6. e3 h6 7. Bh4 Be7 8. Bd3
dxc4 9. Bxc4 b5 10. Bd3 a6 11. O-O c5 12. Rc1 Bb7 13. Bb1 c4 14. Nd2 Nb6 15. Ne2
Bd6 16. e4 Bb4 17. f3 g5 18. Bg3 Nh5 19. Bf2 Nf4 20. Be3 Bd6 21. e5 Nfd5 22. Bf2
Be7 23. Ne4 Qd7 24. b3 Rc8 25. N2g3 Nf4 26. b4 Nbd5 27. Nc5 Qc7 28. Nge4 Nxb4
29. Nd6+ Bxd6 30. exd6 Qxd6 31. Nxb7 Qc7 32. Nc5 a5 33. a4 Nbd5 34. axb5 c3 35.
b6 Nxb6 36. Rxc3 O-O 37. Ra3 Nbd5 38. Qc2 f5 39. Rxa5 Qf7 40. Ba2 Qc7 41. Rb5
Qc6 42. Rb3 g4 43. Qd2 Rf6 44. Ra3 Rg6 45. Bxd5 Nxd5 46. fxg4 Rf8 47. Ra6 Qc8
48. gxf5 Rxf5 49. Bg3 Rxf1+ 50. Kxf1 Qf8+ 51. Kg1 Rf6 52. Ra1 Qf7 53. Be5 1-0

[Event "Chigorin Memorial"]
[Site "St Petersburg RUS"]
[Date "2012.11.01"]
[Round "6.132"]
[White "Kozhabekov, Adilkhan"]
[Black "Schekachikhin, Maksim"]
[Result "1-0"]
[WhiteElo "2127"]
[BlackElo "1921"]
[WhiteFideId "13702858"]
[BlackFideId "24177830"]
[EventDate "2012.10.27"]

1. d4 Nf6 2. Nf3 e6 3. g3 b6 4. Bg2 Bb7 5. O-O Be7 6. c4 O-O 7. Qc2 Be4 8. Qb3
d6 9. Nc3 Bb7 10. Qc2 Nbd7 11. Rd1 Qc8 12. e4 e5 13. Bh3 exd4 14. Nxd4 Re8 15.
Nd5 Bd8 16. f3 Qb8 17. Nf5 Ne5 18. Bg2 a5 19. b3 Ned7 20. Bb2 Bxd5 21. cxd5 Nc5
22. Re1 Na6 23. Rad1 Nb4 24. Qd2 Rf8 25. a3 Na6 26. Nxg7 Kxg7 27. Qg5+ Kh8 28.
Bxf6+ Bxf6 29. Qxf6+ Kg8 30. e5 Qd8 31. Qh6 dxe5 32. Rxe5 Qd6 33. Rg5+ Kh8 1-0

[Event "Chigorin Memorial"]
[Site "St Petersburg RUS"]
[Date "2012.11.01"]
[Round "6.133"]
[White "Chehlov, Aleksander"]
[Black "Shakirova, Renata"]
[Result "1-0"]
[WhiteTitle "FM"]
[WhiteElo "2124"]
[BlackElo "1756"]
[WhiteFideId "11600632"]
[BlackFideId "24172049"]
[EventDate "2012.10.27"]

1. e4 c5 2. Nf3 d6 3. Nc3 Nf6 4. e5 dxe5 5. Nxe5 Nbd7 6. Nc4 g6 7. Qe2 Nb6 8.
Qe5 Bg7 9. Qxc5 O-O 10. Nxb6 axb6 11. Qb4 Nd5 12. Nxd5 Qxd5 13. Qc4 Qe5+ 14. Qe2
Qc5 15. c3 e5 16. Qc4 Be6 17. Qxc5 bxc5 18. a3 Bd5 19. d3 e4 20. dxe4 Bxe4 21.
Be3 b6 22. O-O-O Rfd8 23. Rxd8+ Rxd8 24. Rg1 Bc6 25. Be2 Re8 26. Bd1 Be5 27. g3
h5 28. h4 Bd6 29. Re1 b5 30. Bd2 Rxe1 31. Bxe1 c4 32. Bd2 Bc5 33. Be3 Bxe3+ 34.
fxe3 Kf8 35. b3 Ke7 36. bxc4 bxc4 37. a4 Kd6 38. Kb2 Kc5 39. Ka3 Be4 40. Be2 Bd5
41. g4 hxg4 42. Bxg4 f5 43. Be2 Bc6 44. Bd1 Bd5 45. a5 Kb5 46. Ba4+ Kxa5 47. Be8
g5 48. hxg5 Bg8 49. g6 1-0

[Event "Chigorin Memorial"]
[Site "St Petersburg RUS"]
[Date "2012.11.01"]
[Round "6.135"]
[White "Nazaretyan, Tigran"]
[Black "Petrushev., Nikita"]
[Result "1-0"]
[WhiteElo "2121"]
[BlackElo "1738"]
[WhiteFideId "24162345"]
[BlackFideId "34117803"]
[EventDate "2012.10.27"]

1. d4 d6 2. Nf3 Nd7 3. c4 e5 4. e4 Ngf6 5. Nc3 Be7 6. Be2 c6 7. O-O a5 8. Re1
Qc7 9. Bf1 O-O 10. Rb1 Ne8 11. Qc2 g6 12. Bh6 Ng7 13. Bd3 Nf6 14. h3 Re8 15. d5
Bd7 16. a3 Bf8 17. Qd2 Nfh5 18. g4 Nf6 19. b4 axb4 20. axb4 Ra3 21. Rec1 Rea8
22. Ne1 Qc8 23. f3 Rb8 24. Nc2 Raa8 25. Qg2 Ngh5 26. Bg5 Nf4 27. Bxf4 exf4 28.
Ne2 g5 29. Ned4 Bg7 30. Nb3 Qd8 31. Be2 Ne8 32. Ncd4 Rc8 33. c5 cxd5 34. exd5
Ba4 35. Nf5 Bxb3 36. Rxb3 dxc5 37. bxc5 Kh8 38. d6 Rab8 39. Rcb1 Qd7 40. Bb5 Rc6
41. Bxc6 Qxc6 42. Rd3 Qa6 43. Rbd1 Bf6 44. d7 Nc7 45. d8=Q+ 1-0